Forensic science : (Record no. 61231)

MARC details
000 -LEADER
fixed length control field 00873nam a22002297a 4500
005 - DATE AND TIME OF LATEST TRANSACTION
control field 20120119155147.0
008 - FIXED-LENGTH DATA ELEMENTS--GENERAL INFORMATION
fixed length control field 120119t xxu||||| |||| 00| 0 eng d
010 ## - LCCN (DPL NO)
LC control number ENG-104800
020 ## - INTERNATIONAL STANDARD BOOK NUMBER
International Standard Book Number 9789381385098
Terms of availability 550.00
035 ## - SYSTEM CONTROL NUMBER
System control number EN-88333
037 ## - SOURCE OF ACQUISITION
Source of stock number/acquisition DBAD/PUB
040 ## - CATALOGING SOURCE
Original cataloging agency DPL
Language of cataloging Eng
082 ## - DEWEY DECIMAL CLASSIFICATION NUMBER
Classification number 363.25
100 ## - MAIN ENTRY--PERSONAL NAME
9 (RLIN) 39742
Personal name Nishant Singh
245 ## - TITLE STATEMENT
Title Forensic science :
Statement of responsibility, etc by Nishant Singh
Remainder of title principles & concepts /
260 ## - PUBLICATION, DISTRIBUTION, ETC. (IMPRINT)
Place of publication, distribution, etc Delhi
Name of publisher, distributor, etc Ancient Publishing House
Date of publication, distribution, etc 2011
270 ## - ADDRESS
Address V-75, Street No. 15-A, Vijay Park, Near C-11, Shiv Sadhana Mandir, Yamuna Vihar
City Delhi
Postal code 110053
300 ## - PHYSICAL DESCRIPTION
Extent 254p.
Dimensions 22cm(Hb)
500 ## - GENERAL NOTE
General note Includes bibliographical references
942 ## - ADDED ENTRY ELEMENTS (KOHA)
Source of classification or shelving scheme Dewey Decimal Classification
Item type English Books
Classification part 363.25
Call number suffix NIS
Holdings
Withdrawn status Lost status Source of classification or shelving scheme Damaged status Not for loan Collection code Home library Current library Date acquired Source of acquisition Cost, normal purchase price Total Checkouts Full call number Barcode Date last seen Copy number Cost, replacement price Koha item type
    Dewey Decimal Classification   Not For Loan Non-fiction D.B.Act.Division D.B.Act.Division 19/01/2012 DBAD/PUB 550.00   363.25 NIS EN-88333 19/01/2012 1 550.00 English Books

© Delhi Public Library
Hit Counter
free hit counter